000
00329nam a2200133Ia 4500
008
231129s1975||||xx |||||||||||||| ||spa||
040
_b
spa
082
_a
Co864 A818p
100
_a
Achury Valenzuela Darío
245
0
_a
Palabras con azar : glosas
260
_c
1975
264
_a
Instituto Caro y Cuervo
942
_2
ddc
_c
BKS
999
_c
22325
_d
22325